| 000 | 01389cam a2200325 a 4500 | ||
|---|---|---|---|
| 999 |
_c21492 _d21492 |
||
| 001 | 4471761 | ||
| 005 | 20170121143412.0 | ||
| 008 | 960621s1997 nyua b 001 0 eng | ||
| 010 | _a 96031313 | ||
| 020 | _a0195113322 | ||
| 043 | _an-us--- | ||
| 050 | 0 | 0 | _aHV91 .G325 1997 |
| 100 | 1 |
_aGambrill, Eileen D., _d1934- |
|
| 245 | 1 | 0 |
_aSocial work practice : _ba critical thinker's guide / _cEileen Gambrill. |
| 260 |
_aNew York : _bOxford University Press, _c1997. |
||
| 300 |
_axii, 676 p. : _bill. ; _c25 cm. |
||
| 504 | _aIncludes bibliographical references (p. 625-667) and index. | ||
| 650 | 0 |
_aSocial service _zUnited States. |
|
| 650 | 0 |
_aSocial case work _zUnited States. |
|
| 650 | 0 |
_aSocial workers _zUnited States. |
|
| 856 | 4 | 2 |
_3Publisher description _uhttp://www.loc.gov/catdir/enhancements/fy0604/96031313-d.html |
| 856 | 4 | 1 |
_3Table of contents only _uhttp://www.loc.gov/catdir/enhancements/fy0604/96031313-t.html |
| 856 | 4 | 2 |
_3Contributor biographical information _uhttp://www.loc.gov/catdir/enhancements/fy0723/96031313-b.html |
| 942 |
_2lcc _cBOOKS |
||